01489nam a2200313 a 4500001001000000003000900010005001700019008004100036040002500077082002500102100003500127245013500162250003200297260004200329300002000371586005400391590002700445650005700472650005200529651005800581651005300639700004200692910004100734942001400775952012500789952011900914952012501033999001701158000024314DO-SdBNP20250206125312.0110126s2002 dr 000 0 spa d aDO-SdBNPbspacBNPHU 4a330.97293bA148d2221 aAbinader, José Rafael91165213aEl desarrollo económico y social de la República Dominicana :b1985 /cJosé Rafael Abinader ; prólogo Luis Julian Pérez. aEd. actualizada y revisada. aSanto Domingo :bPanamericana,c2002. a81 p. ;c28 cm. aPrimer premio Juegos Florales Hispano-Dominicanos aInventariado, 2018/ YL 4aDesarrollo económicozRepública Dominicana98596 0aDesarrollo socialzRepública Dominicana97783 4aRepública DominicanaxCondiciones económicas9281 4aRepública DominicanaxCondiciones sociales9461 aPérez, Luis Julian,epról.914856 aValidado. Control de calidad MMOLINA 2ddccLBS1 0010718DSaGRbGRcHDd2011-01-26iLF1l0o330.97293 A148dp24314-30r2020-06-25te. 3w2020-06-25yLFDSZNo se presta 0010718PDaPDbPDcHDd2011-01-26iLF1l0o330.97293 A148dp24314-10r2020-06-25w2020-06-25yLFPDZNo se presta 0010718PDaPDbPDcHDd2011-01-26iLF1l0o330.97293 A148dp24314-20r2020-06-25te. 2w2020-06-25yLFPDZNo se presta c23807d23807